000 00978nms a22002417a 4500
003 NALT
005 20250814160105.0
006 a|||pso|||| 00| 0
007 c| aa aaaaaaaa
008 220121b th ||||| |||| 00| 0 tha d
022 _a2651172X (Online)
040 _aNALT
041 _atha
245 0 0 _aวิชาการมหาวิทยาลัยอีสเทิร์นเอเชีย ฉบับสังคมศาสตร์และมนุษยศาสตร์
260 _aมหาวิทยาลัยอีสเทิร์นเอเชีย
310 _aรายสี่เดือน
500 _aวารสารอิเล็กทรอนิกส์
650 0 _955496
_aมนุษยศาสตร์และสังคมศาสตร์
850 _aNALT
856 4 0 _uhttps://heritage.eau.ac.th/soc_journal/index.php?menu_select=10
942 _cEJN
996 _ajintana.i
_bSERSTF
_c2025-08-14
999 _c98952
_d98952
998 _j755
_k นางจินตนา เอี่ยมคง